000 00791nam a2200229 i 4500
001 113481
003 ES-MaACL
005 20251013210151.0
007 t|
008 061121s1934 fr r ||||1| fre d
100 1 _aNobécourt, Pierre André Alexandre,
_d1871-1943
_985800
245 1 0 _aTraité de médecine des enfants /
_cpub. sous la dir. de P. Nobécourt et L. Babonneix ; secrétaires de la rédaction J. Cathala et J. Hutinel.
260 _aParis :
_bMasson et Cie,
_c1934.
300 _a2 v. ;
_c25 cm.
650 0 4 _aNiños-
_xEnfermedades.
_915546
650 4 _aPediatría.
_9136672
700 1 _aBabouneix, L.
_924425
700 1 _aCathala, Jean,
_d1905-1991
_937062
700 1 _aHutinel, Jean.
_964843
852 _aES-MaACL
_jE-1318-19
999 _c113481
_d113481